| 000 | 00401nam a22001457a 4500 | ||
|---|---|---|---|
| 020 | _a0 406 63700 8 | ||
| 082 | _a346.016 PAS | ||
| 100 | _aPassinghan, Gernard | ||
| 245 | _aLaw and practice in matrimonial causes | ||
| 260 |
_aLondon _bButterworths _c1971 |
||
| 300 |
_avi,421p _b23m. |
||
| 500 | _aincludes appendixes and indexes. | ||
| 650 | _aLaw and practice in matrimonial causes | ||
| 942 | _cBK | ||
| 999 |
_c16689 _d16689 |
||